| 000 | 00370 a2200157 4500 | ||
|---|---|---|---|
| 001 | 156852 | ||
| 020 | _a9788596004329 | ||
| 040 | _cEscola São Tomás de Aquino | ||
| 100 | _aSAINT-EXUPÈRY, Antoine de | ||
| 240 | 1 | 0 |
_aO pequeno príncipe _lpor |
| 245 | 1 | 0 | _aO pequeno príncipe |
| 300 | _a132 p. | ||
| 362 | 0 | _a2016 | |
| 697 | _a*LITERATURA JUVENIL | ||
| 942 | _cBK | ||
| 999 |
_c156852 _d156852 |
||